[Event "ICS rated blitz match"]
[Site "204.178.125.65"]
[Date "2001.01.20"]
[Round "?"]
[White "PostModernist"]
[Black "Hossa"]
[Result "1-0"]
[WhiteElo "2631"]
[BlackElo "2583"]
[PlyCount "149"]
[EventDate "2001.??.??"]

1. e4 e5 2. Bc4 Nf6 3. d3 Nc6 4. Nc3 Bb4 5. Bg5 h6 6. Bxf6 Bxc3+ 7. bxc3 Qxf6
8. Ne2 d6 9. O-O g5 10. d4 h5 11. Bb5 h4 12. d5 a6 13. Ba4 b5 14. Qd3 bxa4 15.
dxc6 O-O 16. c4 h3 17. gxh3 Qh6 18. Nc3 Bxh3 19. Rfb1 f5 20. c5 dxc5 21. Qd5+
Rf7 22. Qxc5 Re8 23. exf5 Qh5 24. Qe3 Bxf5 25. Rb2 a3 26. Rb3 Bxc2 27. Rxa3 Rf3
28. Qd2 Bd3 29. Re1 Qg4+ 30. Kh1 Qh4 31. Ra4 Rxf2 32. Rxh4 Rxd2 33. Rg4 Rc2 34.
Rxg5+ Kf7 35. Nd5 Rh8 36. Rg2 Rxc6 37. Rf2+ Kg7 38. Nb4 Rc3 39. Nxd3 Rxd3 40.
Rg1+ Kh6 41. Rf6+ Kh5 42. Rxa6 Rh6 43. Ra5 Re3 44. Rc5 c6 45. Rc2 Re4 46. Rc3
Kh4 47. h3 Re2 48. Rg4+ Kh5 49. Rg2 Rxg2 50. Kxg2 Kg5 51. Kg3 Kf5 52. a4 Ke4
53. a5 Kd4 54. Ra3 Rh7 55. Ra4+ Kd3 56. a6 Ra7 57. Ra3+ Kd4 58. Kf3 c5 59. Ke2
c4 60. h4 e4 61. Kd2 Kd5 62. Ra5+ Kc6 63. h5 Kd6 64. h6 c3+ 65. Kxc3 e3 66. h7
e2 67. Kd2 Re7 68. Ke1 Rxh7 69. a7 Rh2 70. a8=Q Rh7 71. Qd5+ Ke7 72. Ra7+ Kf6
73. Ra6+ Kg7 74. Qb7+ Kg8 75. Ra8# {Hossa checkmated} 1-0

[Event "ICS rated standard match"]
[Site "204.178.125.65"]
[Date "2001.01.20"]
[Round "?"]
[White "Hossa"]
[Black "Amateur"]
[Result "0-1"]
[WhiteElo "2301"]
[BlackElo "2365"]
[PlyCount "156"]
[EventDate "2001.??.??"]

1. d4 Nf6 2. c4 e6 3. Nc3 Bb4 4. a3 Bxc3+ 5. bxc3 O-O 6. e3 Nc6 7. Nf3 d6 8.
Bd3 e5 9. e4 exd4 10. cxd4 Re8 11. d5 Nxe4 12. O-O Na5 13. Qc2 Bf5 14. Be3 c6
15. Nd4 Bg6 16. Rfe1 Qf6 17. a4 cxd5 18. cxd5 Rac8 19. Qb2 Rc5 20. Qa2 Rcc8 21.
Qb2 Qe5 22. Bb5 Red8 23. Qb4 a6 24. Bxa6 Qxd5 25. Bb5 Nc4 26. Nf3 Nxe3 27. Rxe3
Qe6 28. Rd1 d5 29. Bd3 Qf6 30. Rde1 Rc3 31. Bxe4 Rxe3 32. fxe3 dxe4 33. Nd4 Qh4
34. g3 Qg5 35. Qxb7 Qa5 36. Rf1 Qxa4 37. Nc6 Rf8 38. Ne7+ Kh8 39. Qd5 Rb8 40.
Qe5 Rd8 41. Qc7 Qa8 42. Nxg6+ fxg6 43. Qe7 h5 44. g4 hxg4 45. Qh4+ Kg8 46. Qxg4
Qc6 47. Qh4 Rd2 48. Qg4 Rc2 49. Rf2 Rxf2 50. Kxf2 Qd5 51. Qc8+ Kf7 52. Qc7+ Kf6
53. Kg3 g5 54. Qc8 Qd6+ 55. Kh3 Qe6+ 56. Qxe6+ Kxe6 57. Kg4 Kf6 58. Kg3 Kf5 59.
h3 Kf6 60. Kf2 Kg6 61. Kg2 Kh5 62. Kf2 Kh4 63. Ke1 Kxh3 64. Kd2 g4 65. Kc3 Kg2
66. Kc4 g3 67. Kb5 Kf3 68. Ka6 g5 69. Kb5 g4 70. Kc4 g2 71. Kd4 g1=Q 72. Ke5 g3
73. Ke6 Qxe3 74. Kd7 g2 75. Ke7 g1=Q 76. Kf7 Qc5 77. Ke6 Qg8+ 78. Kf6 Qcg5# {
Hossa checkmated} 0-1

[Event "ICS rated blitz match"]
[Site "204.178.125.65"]
[Date "2001.01.20"]
[Round "?"]
[White "scaccomatto"]
[Black "Hossa"]
[Result "0-1"]
[WhiteElo "2031"]
[BlackElo "2569"]
[PlyCount "86"]
[EventDate "2001.??.??"]

1. Nf3 d5 2. c4 e6 3. e3 Nf6 4. d4 Be7 5. Nc3 c6 6. Qc2 O-O 7. b3 c5 8. dxc5
Bxc5 9. Bb2 Nc6 10. Be2 Nb4 11. Qb1 dxc4 12. Bxc4 Bd7 13. O-O Bc6 14. Be2 Qd7
15. a3 Bxf3 16. Bxf3 Nbd5 17. Rd1 Nxc3 18. Bxc3 Nd5 19. Bb2 f5 20. b4 Be7 21.
Qa2 Rad8 22. Rac1 Bf6 23. Bxf6 Rxf6 24. Bxd5 exd5 25. Rd4 Rd6 26. Rcd1 g6 27.
g3 g5 28. a4 a6 29. Qb3 b5 30. a5 Qf7 31. h4 h6 32. Qd3 f4 33. exf4 gxh4 34. f5
hxg3 35. Qxg3+ Kh8 36. Qe5+ Qg7+ 37. Qg3 Qf6 38. Qh3 Qg5+ 39. Rg4 Qxf5 40. Rdd4
Rg6 41. f3 Rdg8 42. Qh4 Qxf3 43. Rxg6 Rxg6+ {scaccomatto resigns} 0-1

[Event "ICS rated blitz match"]
[Site "204.178.125.65"]
[Date "2001.01.20"]
[Round "?"]
[White "Hossa"]
[Black "number-1"]
[Result "1-0"]
[WhiteElo "2570"]
[BlackElo "2042"]
[PlyCount "115"]
[EventDate "2001.??.??"]

1. e4 c6 2. d4 d5 3. Nc3 dxe4 4. Nxe4 Bf5 5. Ng3 Bg6 6. h4 h6 7. h5 Bh7 8. Nf3
Nd7 9. Bd3 Bxd3 10. Qxd3 e6 11. Bf4 Bb4+ 12. c3 Be7 13. O-O-O Ngf6 14. Kb1 b5
15. Ne4 Nb6 16. Nxf6+ Bxf6 17. g4 Qd5 18. Be5 Nc4 19. Bxf6 gxf6 20. b3 Nd6 21.
Rhe1 a5 22. Ka1 a4 23. b4 a3 24. Nd2 Rg8 25. Rg1 O-O-O 26. Qe3 Qg5 27. f4 Qd5
28. Rde1 Nc4 29. Nxc4 Qxc4 30. Qd2 Rd5 31. Qc1 Kb7 32. Qe3 Rgd8 33. Rg3 e5 34.
fxe5 fxe5 35. Rf3 exd4 36. Qxh6 dxc3 37. Rxf7+ Kb6 38. Qe3+ Qd4 39. Kb1 Qxe3
40. Rxe3 Rd2 41. Rxc3 Rb2+ 42. Kc1 Re8 43. Rxa3 Rg2 44. Rd3 Rxa2 45. Rfd7 Ree2
46. Rd2 Re1+ 47. Rd1 Ree2 48. R7d2 Ra1+ 49. Kc2 Ra2+ 50. Kd3 Raxd2+ 51. Rxd2
Re5 52. h6 Re6 53. Rh2 Re8 54. h7 Rh8 55. g5 c5 56. g6 c4+ 57. Kc3 Ra8 58. g7 {
number-1 resigns} 1-0

[Event "ICS Rated blitz match"]
[Site "204.178.125.65"]
[Date "2001.01.20"]
[Round "?"]
[White "Moltratsen"]
[Black "Hossa"]
[Result "0-1"]
[WhiteElo "2149"]
[BlackElo "2571"]
[PlyCount "38"]
[EventDate "2001.??.??"]

1. e4 e5 2. Nf3 Nf6 3. Nc3 Bb4 4. d3 d5 5. exd5 Nxd5 6. Bd2 O-O 7. Nxd5 Bxd2+
8. Qxd2 Qxd5 9. Be2 f6 10. O-O Nc6 11. b3 Be6 12. Rad1 Rad8 13. Qe3 Nb4 14. c4
Qa5 15. Rd2 c5 16. Ra1 Nc6 17. Rdd1 Rf7 18. Rd2 Nd4 19. Nxd4 cxd4 {
Moltratsen resigns} 0-1

[Event "ICS rated blitz match"]
[Site "204.178.125.65"]
[Date "2001.01.20"]
[Round "?"]
[White "Hossa"]
[Black "PostModernist"]
[Result "1/2-1/2"]
[WhiteElo "2574"]
[BlackElo "2654"]
[PlyCount "108"]
[EventDate "2001.??.??"]

1. d4 d5 2. c4 c6 3. Nc3 e6 4. e3 Nf6 5. Nf3 Nbd7 6. Qc2 Bd6 7. c5 Bc7 8. Bd3
e5 9. dxe5 Nxe5 10. Nxe5 Bxe5 11. Bd2 Qe7 12. Ne2 Bd7 13. O-O Ng4 14. g3 h5 15.
f3 Nf6 16. Nd4 h4 17. g4 h3 18. Rfe1 O-O-O 19. a4 g6 20. a5 a6 21. Re2 Nh7 22.
Rf2 f5 23. gxf5 Bxd4 24. fxg6 Bxc5 25. gxh7 Bxe3 26. Bxe3 Qxe3 27. Kh1 Rdf8 28.
Raf1 d4 29. b4 Qe7 30. Qc4 Qf6 31. Rg1 Be6 32. Qc5 Bd5 33. Rg3 Re8 34. Qc1 Qf8
35. Qb1 Be6 36. Bg6 Rd8 37. Qe4 Qd6 38. Rg5 Bd7 39. Rc5 Be8 40. Qg4+ Bd7 41.
Qg5 Qe6 42. Re5 Qb3 43. Qe7 Qc3 44. Re1 Rdf8 45. Kg1 Rfg8 46. hxg8=B Rxg8 47.
Kh1 Rxg6 48. Rg1 Rxg1+ 49. Kxg1 Qc1+ 50. Rf1 Qd2 51. Rf2 Qd1+ 52. Rf1 Qd2 53.
Rf2 Qd1+ 54. Rf1 Qd2 {Game drawn by repetition} 1/2-1/2

[Event "ICS rated blitz match"]
[Site "204.178.125.65"]
[Date "2001.01.20"]
[Round "?"]
[White "PostModernist"]
[Black "Hossa"]
[Result "1-0"]
[WhiteElo "2650"]
[BlackElo "2578"]
[PlyCount "125"]
[EventDate "2001.??.??"]

1. e4 c5 2. c3 d5 3. exd5 Qxd5 4. d4 Nf6 5. Nf3 Bg4 6. Be2 e6 7. O-O Nc6 8. Na3
cxd4 9. Nb5 O-O-O 10. Nfxd4 Bxe2 11. Qxe2 Bc5 12. Be3 Ne5 13. b4 Bxd4 14. Bxd4
a6 15. Na7+ Kb8 16. Rad1 Qe4 17. Qxe4 Nxe4 18. Bxe5+ Kxa7 19. Bxg7 Rhg8 20.
Bd4+ b6 21. c4 Ng5 22. f4 Ne4 23. Rfe1 f5 24. c5 bxc5 25. bxc5 Kb7 26. Rb1+ Kc7
27. Be3 Nd2 28. Bxd2 Rxd2 29. g3 Rxa2 30. Rxe6 Rd8 31. Rc1 Rdd2 32. Rh6 Rd7 33.
Rf6 Rdd2 34. Rf7+ Kc6 35. Rxh7 Rg2+ 36. Kh1 Rgc2 37. Rxc2 Rxc2 38. Ra7 Kb5 39.
Rb7+ Ka5 40. h4 Rxc5 41. Kh2 Rc8 42. Rf7 Rc5 43. Rf6 Rc2+ 44. Kh3 Rc5 45. h5
Kb4 46. Rxa6 Kc4 47. h6 Rc8 48. g4 Kb5 49. Ra7 Kb6 50. Rg7 Rh8 51. g5 Ra8 52.
h7 Ra3+ 53. Kh4 Ra8 54. g6 Ra1 55. Rg8 Rg1 56. h8=Q Rg4+ 57. Kh3 Kb5 58. Qc3
Rxg6 59. Rxg6 Ka4 60. Ra6+ Kb5 61. Ra2 Kb6 62. Rb2+ Ka6 63. Qa3# {
Hossa checkmated} 1-0

[Event "ICS rated blitz match"]
[Site "204.178.125.65"]
[Date "2001.01.20"]
[Round "?"]
[White "Hossa"]
[Black "brondel"]
[Result "1-0"]
[WhiteElo "2565"]
[BlackElo "2379"]
[PlyCount "45"]
[EventDate "2001.??.??"]

1. d4 Nf6 2. c4 g6 3. Nc3 Bg7 4. e4 O-O 5. Nf3 d6 6. Be2 e5 7. O-O Nc6 8. d5
Ne7 9. Ne1 c5 10. f4 exf4 11. Bxf4 Ne8 12. Nd3 f6 13. Qc2 g5 14. Be3 Ng6 15.
Qd2 h6 16. Bh5 Ne5 17. Nxe5 fxe5 18. Rxf8+ Kxf8 19. Rf1+ Kg8 20. Bf7+ Kh7 21.
Qf2 Nf6 22. Be6 Qe7 23. Bxc8 {brondel resigns} 1-0

[Event "ICS rated blitz match"]
[Site "204.178.125.65"]
[Date "2001.01.20"]
[Round "?"]
[White "brondel"]
[Black "Hossa"]
[Result "0-1"]
[WhiteElo "2371"]
[BlackElo "2573"]
[PlyCount "46"]
[EventDate "2001.??.??"]

1. e4 c5 2. Nf3 Nc6 3. Bb5 d6 4. Bxc6+ bxc6 5. O-O e5 6. c3 f5 7. exf5 Bxf5 8.
d4 cxd4 9. cxd4 e4 10. Re1 Be7 11. Nfd2 Nf6 12. Nc3 d5 13. f3 Qb6 14. Nb3 O-O
15. Bg5 Rae8 16. Bxf6 Bxf6 17. fxe4 dxe4 18. Qd2 e3 19. Qe2 Be6 20. Nc5 Bxd4
21. Nxe6 Rxe6 22. Qc4 c5 23. Nd5 Qa6 {brondel resigns} 0-1

[Event "ICS rated blitz match"]
[Site "204.178.125.65"]
[Date "2001.01.20"]
[Round "?"]
[White "Hossa"]
[Black "Nimzovik"]
[Result "1-0"]
[WhiteElo "2581"]
[BlackElo "1925"]
[PlyCount "39"]
[EventDate "2001.??.??"]

1. e4 e6 2. d3 b6 3. Nf3 Bb7 4. Be2 d6 5. O-O Nd7 6. a4 a6 7. a5 b5 8. b4 Ne7
9. Bg5 h6 10. Be3 g5 11. Nd4 Bg7 12. Bh5 O-O 13. Ra2 c5 14. bxc5 dxc5 15. Nb3
Qc7 16. f4 gxf4 17. Bxf4 Ne5 18. Be3 Nd7 19. Qg4 Nf6 20. Rxf6 {Nimzovik resigns
} 1-0

[Event "ICS rated standard match"]
[Site "204.178.125.65"]
[Date "2001.01.20"]
[Round "?"]
[White "squasher"]
[Black "Hossa"]
[Result "0-1"]
[WhiteElo "2150"]
[BlackElo "2288"]
[PlyCount "38"]
[EventDate "2001.??.??"]

1. e4 c5 2. Nf3 Nc6 3. d4 cxd4 4. Nxd4 e6 5. Nxc6 bxc6 6. Bd3 e5 7. O-O Nf6 8.
b3 Be7 9. Bb2 d6 10. f4 O-O 11. h3 d5 12. exd5 e4 13. Be2 Nxd5 14. Qd2 Bc5+ 15.
Kh1 Qh4 16. Na3 Bxh3 17. Qe1 Bxg2+ 18. Kxg2 Ne3+ 19. Kg1 Ng4+ {squasher resigns
} 0-1

[Event "ICS rated blitz match"]
[Site "204.178.125.65"]
[Date "2001.01.20"]
[Round "?"]
[White "uomoragno"]
[Black "Hossa"]
[Result "0-1"]
[WhiteElo "2037"]
[BlackElo "2582"]
[PlyCount "40"]
[EventDate "2001.??.??"]

1. d4 d5 2. c4 c6 3. Nc3 e6 4. Nf3 dxc4 5. a4 Bb4 6. e4 Nf6 7. Bg5 Bxc3+ 8.
bxc3 Qa5 9. Bd2 Nxe4 10. Qc2 Nxd2 11. Nxd2 b5 12. Be2 O-O 13. Bf3 Ba6 14. O-O
b4 15. cxb4 Qxb4 16. Rab1 Qd6 17. Nxc4 Qxd4 18. Na5 Bxf1 19. Kxf1 Qe5 20. g3
Qxa5 {uomoragno resigns} 0-1

[Event "ICS rated blitz match"]
[Site "204.178.125.65"]
[Date "2001.01.20"]
[Round "?"]
[White "Hossa"]
[Black "Amateur"]
[Result "1-0"]
[WhiteElo "2583"]
[BlackElo "2642"]
[PlyCount "109"]
[EventDate "2001.??.??"]

1. e4 e5 2. Bc4 Nf6 3. d3 Bc5 4. Nc3 d6 5. f4 Ng4 6. f5 Nf2 7. Qh5 g6 8. Qh6
Nxh1 9. Bg5 f6 10. fxg6 Bf2+ 11. Kf1 fxg5 12. g7 Kd7 13. Qe6+ Kc6 14. Bb5+ Kb6
15. Qb3 c6 16. Nd5+ cxd5 17. Be8+ Kc7 18. gxh8=Q Bd7 19. Qc3+ Nc6 20. exd5 Qe7
21. dxc6 Rxe8 22. cxd7+ Kxd7 23. Qxe8+ Qxe8 24. Qb3 Bb6 25. Qb5+ Kd8 26. Qxe8+
Kxe8 27. Nh3 g4 28. Ng5 g3 29. h3 h6 30. Ne4 d5 31. Nf6+ Kf7 32. Nxd5 Bd4 33.
Ke2 Nf2 34. Kf3 Ke6 35. Nc3 e4+ 36. Nxe4 Nxe4 37. Kxe4 Bf2 38. d4 Kd6 39. Rf1
a5 40. c3 Ke6 41. b3 b6 42. a4 Kd6 43. b4 axb4 44. cxb4 Kc6 45. Rc1+ Kb7 46. d5
b5 47. a5 h5 48. d6 Be1 49. a6+ Kxa6 50. Rxe1 Kb6 51. Rc1 Kb7 52. d7 Ka6 53.
d8=Q Kb7 54. Qd7+ Ka6 55. Rc6# {Amateur checkmated} 1-0

[Event "ICS rated standard match"]
[Site "204.178.125.65"]
[Date "2001.01.20"]
[Round "?"]
[White "squasher"]
[Black "Hossa"]
[Result "0-1"]
[WhiteElo "2132"]
[BlackElo "2298"]
[PlyCount "28"]
[EventDate "2001.??.??"]

1. e4 c5 2. c3 d5 3. exd5 Qxd5 4. d4 Nc6 5. dxc5 Qxd1+ 6. Kxd1 e5 7. b4 Bf5 8.
Be3 Nf6 9. Bb5 O-O-O+ 10. Ke2 Nd5 11. Nf3 Bxb1 12. Bxc6 Nxc3+ 13. Kf1 Rd1+ 14.
Ne1 Bd3+ {squasher resigns} 0-1

[Event "ICS rated standard match"]
[Site "204.178.125.65"]
[Date "2001.01.20"]
[Round "?"]
[White "Hossa"]
[Black "squasher"]
[Result "1-0"]
[WhiteElo "2307"]
[BlackElo "2117"]
[PlyCount "103"]
[EventDate "2001.??.??"]

1. e4 e6 2. d3 d5 3. Nd2 Nf6 4. g3 Be7 5. Ngf3 O-O 6. Bg2 c5 7. O-O Nc6 8. c3
dxe4 9. Nxe4 Nxe4 10. dxe4 b6 11. Qe2 Qc7 12. Rd1 Bb7 13. Bf4 e5 14. Bd2 Rad8
15. Bh3 Rd6 16. Be3 Rfd8 17. Rxd6 Qxd6 18. Nd2 Qd3 19. Qxd3 Rxd3 20. Rd1 a6 21.
Bf1 Rd8 22. Bc4 b5 23. Bd5 Na5 24. b4 Bxd5 25. exd5 cxb4 26. Bb6 bxc3 27. Bxa5
c2 28. Rc1 Rc8 29. Nb3 Ba3 30. d6 Bxd6 31. Na1 f5 32. Rxc2 Rxc2 33. Nxc2 Kf7
34. h3 Ke6 35. Nb4 Bxb4 36. Bxb4 Kd5 37. Kg2 Kc4 38. Ba5 b4 39. Kf3 Kb5 40. Bc7
e4+ 41. Kf4 g6 42. g4 fxg4 43. hxg4 a5 44. Kxe4 a4 45. Kd3 Kc5 46. g5 Kd5 47.
Bd8 b3 48. axb3 axb3 49. Kc3 Ke4 50. Kxb3 Kf3 51. Bb6 Kg4 52. Be3 {
squasher resigns} 1-0

[Event "ICS rated blitz match"]
[Site "204.178.125.65"]
[Date "2001.01.20"]
[Round "?"]
[White "Hossa"]
[Black "SuperChicken"]
[Result "1/2-1/2"]
[WhiteElo "2602"]
[BlackElo "2659"]
[PlyCount "84"]
[EventDate "2001.??.??"]

1. e4 e5 2. Bc4 Nf6 3. d3 Nc6 4. Nc3 Bb4 5. Bg5 h6 6. Bxf6 Qxf6 7. Nge2 d6 8.
O-O Bxc3 9. Nxc3 Be6 10. Nd5 Bxd5 11. Bxd5 a5 12. c3 Nd8 13. Qg4 c6 14. Bc4 b5
15. Bb3 a4 16. Bc2 O-O 17. f4 a3 18. fxe5 Qxe5 19. d4 Qe6 20. Qxe6 Nxe6 21. b4
Rfe8 22. Bd3 Nc7 23. Rac1 Kf8 24. c4 bxc4 25. Rxc4 Na6 26. Rb1 Reb8 27. b5 Rxb5
28. Rxc6 Rxb1+ 29. Bxb1 Rb8 30. Rxa6 Rxb1+ 31. Kf2 Rb2+ 32. Kf3 Rxa2 33. Rxd6
Rd2 34. Rd7 a2 35. Ra7 g5 36. h3 Kg7 37. e5 Kf8 38. g3 Ke8 39. Ke3 Rg2 40. Kf3
Rd2 41. Ke3 Rg2 42. Kf3 Rd2 {Game drawn by repetition} 1/2-1/2

[Event "ICS rated blitz match"]
[Site "204.178.125.65"]
[Date "2001.01.20"]
[Round "?"]
[White "Amateur"]
[Black "Hossa"]
[Result "1/2-1/2"]
[WhiteElo "2629"]
[BlackElo "2605"]
[PlyCount "164"]
[EventDate "2001.??.??"]

1. c4 e5 2. Nc3 Nc6 3. g3 f5 4. Bg2 Nf6 5. Nf3 e4 6. Ng1 Bc5 7. Nh3 O-O 8. O-O
d6 9. d3 exd3 10. Bxc6 bxc6 11. Qxd3 d5 12. cxd5 cxd5 13. Bg5 c6 14. Rac1 Bb4
15. a3 Bd6 16. Qf3 Bd7 17. Rcd1 Qb8 18. b4 Ne4 19. Bf4 a5 20. Na2 Re8 21. Rfe1
axb4 22. Nxb4 Bxf4 23. Nxf4 g5 24. Nh5 Qe5 25. Rd3 Re6 26. Red1 Be8 27. g4 Bxh5
28. gxh5 g4 29. Qe3 Rae8 30. Rc1 f4 31. Qd4 Qxd4 32. Rxd4 c5 33. Rxe4 dxe4 34.
Nd5 Rc8 35. Nxf4 Re5 36. Kg2 Ra8 37. Rc3 Kf7 38. Kg3 Rg5 39. Kh4 h6 40. Rb3 Ra6
41. Rb7+ Kg8 42. Rb8+ Kh7 43. Rb7+ Rg7 44. Rb5 Rf6 45. e3 Ra6 46. Rxc5 Rxa3 47.
Rf5 Ra1 48. Nd5 Ra6 49. Nf6+ Kh8 50. Nxe4 Re6 51. Rf8+ Rg8 52. Rxg8+ Kxg8 53.
Ng3 Rf6 54. Nh1 Rf5 55. Kxg4 Rg5+ 56. Kh4 Rg1 57. Ng3 Rg2 58. f4 Rxh2+ 59. Kg4
Rc2 60. e4 Rc4 61. e5 Kf7 62. Nf5 Rc6 63. Kf3 Ra6 64. Ke4 Ra4+ 65. Kf3 Ra6 66.
Kf2 Ra2+ 67. Ke3 Ra3+ 68. Ke4 Ra4+ 69. Ke3 Ra3+ 70. Kf2 Ra2+ 71. Kg3 Ra1 72.
Nxh6+ Ke6 73. Ng4 Ra3+ 74. Kh4 Kf5 75. Nf6 Ra7 76. Kg3 Ra3+ 77. Kh4 Ra7 78. h6
Kxf4 79. Kh5 Kf5 80. h7 Rxh7+ 81. Nxh7 Ke6 82. Nf6 Kxe5 {
Game drawn because neither player has mating material} 1/2-1/2

[Event "ICS Rated standard match"]
[Site "204.178.125.65"]
[Date "2001.01.20"]
[Round "?"]
[White "Hossa"]
[Black "Kaputnik"]
[Result "0-1"]
[WhiteElo "2315"]
[BlackElo "2243"]
[PlyCount "108"]
[EventDate "2001.??.??"]

1. e4 c6 2. d4 d5 3. Nc3 dxe4 4. Nxe4 Nd7 5. Bd3 Ngf6 6. Ng5 e6 7. Ne2 Be7 8.
O-O e5 9. Be3 Ng4 10. Nf3 Nxe3 11. fxe3 exd4 12. exd4 O-O 13. c4 Nf6 14. Qc2
Re8 15. Ng5 h6 16. Nxf7 Kxf7 17. Bg6+ Kg8 18. Bxe8 Nxe8 19. Qg6 Nf6 20. Rf3 Be6
21. Qd3 Bd6 22. Raf1 Qc7 23. Nf4 Bf7 24. b3 Re8 25. Kh1 Qa5 26. a4 Re1 27. Kg1
Rxf1+ 28. Rxf1 Qc7 29. g3 Qe7 30. Qf3 Bb4 31. Rf2 Qd6 32. Qd3 g5 33. Ng2 Ng4
34. Rf3 Bg6 35. c5 Qe6 36. Qc4 Qd5 37. h3 Be4 38. Qxb4 Bxf3 39. Ne1 Nf6 40.
Qxb7 Qxd4+ 41. Kf1 Bd5 42. Qb8+ Kg7 43. Ke2 Qb2+ 44. Ke3 Bxb3 45. Qc7+ Bf7 46.
Qxa7 Qe5+ 47. Kf2 Ne4+ 48. Kg1 Qd4+ 49. Kh2 Qf2+ 50. Ng2 Nd2 51. h4 g4 52.
Qxf7+ Kxf7 53. Kh1 Nf3 54. Ne3 Qh2# {Hossa checkmated} 0-1

[Event "ICS rated blitz match"]
[Site "204.178.125.65"]
[Date "2001.01.21"]
[Round "?"]
[White "PostModernist"]
[Black "Hossa"]
[Result "1-0"]
[WhiteElo "2574"]
[BlackElo "2607"]
[Annotator "Nimzo 8 (25s)"]
[PlyCount "151"]
[EventDate "2001.??.??"]

{C55: Zweispringerspiel} 1. e4 e5 2. Bc4 Nf6 3. d3 Nc6 4. Nf3 Be7 5. O-O O-O 6.
Bb3 d5 7. exd5 Nxd5 8. h3 {Verwehrt dem Gegner g4} 8... Bf5 9. Re1 Bf6 10. Bd2
Qd6 11. Bg5 (11. Na3 Qc5 $11) 11... Bxg5 12. Bxd5 Qxd5 13. Nxg5 Qb5 14. b3 Qb4
15. Nd2 Qe7 16. Qh5 (16. Nde4 Bxe4 17. Nxe4 f5 $11) 16... f6 (16... Nd4 17.
Rac1 $11) 17. Ngf3 $11 Be6 18. a4 Nb4 19. Rac1 Nd5 (19... c5 20. Qh4 $11) 20.
d4 $14 Nf4 21. Qh4 Qd6 22. dxe5 fxe5 23. Ne4 Qa3 24. Rcd1 Qb2 25. Neg5 (25. Rd2
Ng6 26. Qg3 Bf5 $14) 25... Qxc2 (25... Bf5 $5 $11 {ist zu ueberlegen}) 26. Rc1
$16 Qg6 27. Nxe5 Qf5 28. Nef3 (28. Nxe6 $142 Nxe6 29. b4 $14) 28... h6 $4 {
vergibt den Vorteil} (28... Bd5 $142 {war noch moeglich} 29. Rxc7 Rae8 30. Rxe8
Rxe8 $11) 29. Nxe6 $18 Nxe6 30. Re5 (30. Qc4 Rae8 31. Re5 Qf4 $18) 30... Qf7
$16 31. Qe4 Nf4 32. Re7 Qd5 $2 (32... Rae8 $142 33. Rxf7 Rxe4 34. Rxf8+ Kxf8
35. Rxc7 Rb4 $16) 33. Rcxc7 $18 Nxh3+ 34. Kh2 Qxe4 35. Rxe4 Nxf2 $2 (35... Nf4
36. Ree7 Nh5 $18) 36. Ree7 Rf5 (36... Ng4+ {hilft allerdings auch nicht} 37.
Kh3 Nf2+ 38. Kg3 Ne4+ 39. Rxe4 $18) 37. Rxg7+ Kh8 38. Rh7+ Kg8 39. Rcg7+ Kf8
40. Rxb7 Kg8 41. Rhg7+ Kh8 42. Nh4 Rh5 43. g3 Nd3 44. Rh7+ ({Schlechter ist} 
44. Rxa7 Rxa7 45. Rxa7 Rc5 $18) 44... Kg8 45. Rbg7+ ({Schlechter scheint} 45.
Rxa7 Rxa7 46. Rxa7 Rc5 $18) 45... Kf8 46. Kh3 Rb8 (46... Rd8 {
hilft auch nicht mehr} 47. Rxa7 Kg8 48. Rhg7+ Kf8 49. Raf7+ Ke8 50. Rh7 $18)
47. Rxa7 Kg8 48. Rag7+ Kf8 49. Rd7 Kg8 50. Rhg7+ (50. Rxd3 $6 {
waere hingegen schwach, denn} 50... Kxh7 51. g4 Rc5 $16) 50... Kf8 51. Kg4 (51.
Rxd3 $6 {kommt nicht in Frage} 51... Kxg7 52. g4 Rc5 $14) 51... Rxh4+ (51...
Rg5+ {aendert nichts mehr} 52. Rxg5 Nf2+ 53. Kf3 hxg5 54. Ng6+ Ke8 55. Re7+ Kd8
56. Kxf2 Rxb3 57. a5 $18) 52. Kxh4 Rxb3 (52... Ne5 {
wuerde die Partie unwesentlich verlaengern} 53. Rb7 Rxb7 54. Rxb7 Ke8 $18) 53.
Rdf7+ Ke8 54. Ra7 (54. Rc7 {damit wuerde Weiss es sich noch erleichtern} 54...
Kf8 55. Kh5 Rb6 56. Rcf7+ Ke8 $18) 54... Kf8 55. Kh5 Rb6 56. Rgd7 Re6 57. Ra8+
Re8 58. Rxe8+ Kxe8 59. Rxd3 Ke7 60. Rd6 (60. a5 Ke6 61. a6 Ke5 62. a7 Ke4 63.
Ra3 Kd5 64. a8=Q+ Kc4 65. Qe4+ Kc5 66. Rc3+ Kd6 67. Rc6+ Kd7 68. Qe6+ Kd8 69.
Rc8#) 60... Kf8 61. Kg6 (61. Rd7 Ke8 62. Rb7 Kd8 63. a5 Kc8 64. a6 Kd8 65. a7
Kc8 66. a8=Q#) 61... Ke7 $18 62. g4 (62. Rd1 Ke6 63. a5 Ke5 64. a6 Ke4 65. a7
Kf3 66. a8=Q+ Ke2 67. Qh1 Kf2 68. Qh2+ Ke3 69. Rd2 Kf3 70. Rd3+ Ke4 71. Qe2#)
62... Kxd6 63. Kxh6 Kc6 64. g5 Kc5 65. g6 Kb4 66. g7 (66. Kg5 {ginge schneller}
66... Kxa4 67. Kf4 Kb5 $18) 66... Kxa4 67. g8=Q (67. Kg6 Kb5 68. Kf5 Kb4 69.
g8=Q Kc5 70. Ke5 Kc6 71. Qd5+ Kb6 72. Kd6 Ka7 73. Kc6 Kb8 74. Qb3+ Ka8 75. Qb7#
) 67... Kb4 68. Qe6 Kc3 69. Qe4 (69. Kg5 Kd4 70. Kf4 Kc3 71. Qc6+ Kd3 72. Qc5
Kd2 73. Qc4 Ke1 74. Qc2 Kf1 75. Kf3 Ke1 76. Qe2#) 69... Kd2 70. Qc4 Ke3 (70...
Ke1 {waere gleichermassen fruchtlos} 71. Qc2 Kf1 72. Kg5 Kg1 73. Kg4 Kf1 74.
Kf3 Ke1 75. Qe2#) 71. Kh5 (71. Kg5 Kd2 72. Kf4 Ke1 73. Qc2 Kf1 74. Kf3 Ke1 75.
Qe2#) 71... Kf3 (71... Kd2 {macht keinen grossen Unterschied} 72. Kg4 Kd1 73.
Kf4 Kd2 74. Kf3 Kd1 75. Ke3 Ke1 76. Qc1#) 72. Kh4 Ke3 73. Kg3 Kd2 74. Kf2 Kd1
75. Ke3 Ke1 76. Qe2# (76. Qc1# {aendert nichts am Ausgang der Partie}) 1-0

[Event "ICS rated blitz match"]
[Site "204.178.125.65"]
[Date "2001.01.21"]
[Round "?"]
[White "brondel"]
[Black "Hossa"]
[Result "0-1"]
[WhiteElo "2316"]
[BlackElo "2589"]
[PlyCount "22"]
[EventDate "2001.??.??"]

1. e4 e5 2. Nf3 Nf6 3. d4 Nxe4 4. Bd3 d5 5. Nxe5 Bd6 6. O-O O-O 7. c4 Bxe5 8.
dxe5 Nc6 9. cxd5 Qxd5 10. Re1 Rd8 11. Rxe4 Qxe4 {brondel resigns} 0-1

[Event "ICS rated blitz match"]
[Site "204.178.125.65"]
[Date "2001.01.21"]
[Round "?"]
[White "ChesterX"]
[Black "Hossa"]
[Result "0-1"]
[WhiteElo "2586"]
[BlackElo "2604"]
[PlyCount "118"]
[EventDate "2001.??.??"]

1. e4 e5 2. Nf3 Nf6 3. Nxe5 d6 4. Nxf7 Kxf7 5. d4 c6 6. Nc3 b5 7. Bg5 Nbd7 8.
a4 b4 9. Bc4+ Ke8 10. Ne2 Qa5 11. Bxf6 Nxf6 12. f3 d5 13. Bd3 dxe4 14. fxe4 Qg5
15. e5 Nd5 16. Be4 Qe3 17. Qd3 Qxd3 18. Bxd3 Be7 19. O-O Bg5 20. Kh1 g6 21. Ng1
Be3 22. Nf3 Bg4 23. Rad1 Bxf3 24. Rxf3 Rf8 25. Rh3 Bxd4 26. Rxh7 Ne7 27. b3 Bc3
28. e6 Rd8 29. g3 Rf3 30. Rc1 Rd6 31. Bc4 Rd2 32. Rf7 Rxf7 33. exf7+ Kf8 34.
Rf1 Nd5 35. Rf3 Nf6 36. h3 Bd4 37. g4 Ne4 38. h4 Nf2+ 39. Rxf2 Rxf2 40. g5 Rxc2
41. Be6 Bf2 42. h5 gxh5 43. g6 Bd4 44. Bf5 Rc3 45. Be4 c5 46. Kg2 Rxb3 47. a5
Re3 48. Bf5 b3 49. Bb1 c4 50. Bf5 c3 51. Kh2 c2 52. Be4 Rxe4 53. Kg2 Rg4+ 54.
Kf3 b2 55. g7+ Kxf7 56. g8=Q+ Kxg8 57. Ke2 b1=Q 58. Kd3 c1=Q+ 59. Ke2 Qe3# {
ChesterX checkmated} 0-1

[Event "ICS rated blitz match"]
[Site "204.178.125.65"]
[Date "2001.01.21"]
[Round "?"]
[White "Hossa"]
[Black "fjolset"]
[Result "1-0"]
[WhiteElo "2619"]
[BlackElo "2086"]
[PlyCount "23"]
[EventDate "2001.??.??"]

1. e4 d5 2. exd5 Qxd5 3. d4 Qa5+ 4. c3 Bf5 5. Bc4 e6 6. Bf4 c6 7. Nf3 Qd8 8.
O-O Bd6 9. Bxd6 Qxd6 10. Nh4 Bg6 11. Qb3 Nf6 12. Qxb7 {fjolset resigns} 1-0

[Event "ICS rated blitz match"]
[Site "204.178.125.65"]
[Date "2001.01.21"]
[Round "?"]
[White "fjolset"]
[Black "Hossa"]
[Result "0-1"]
[WhiteElo "2085"]
[BlackElo "2620"]
[PlyCount "60"]
[EventDate "2001.??.??"]

1. d4 d5 2. e3 Nf6 3. Bd3 c5 4. c3 Nc6 5. f4 Bg4 6. Nf3 Ne4 7. Nbd2 f5 8. O-O
cxd4 9. exd4 e6 10. Qe1 Be7 11. Ne5 Nxe5 12. fxe5 Qb6 13. Kh1 O-O-O 14. Nxe4
dxe4 15. Be2 h5 16. Be3 g5 17. b4 Qc7 18. c4 f4 19. Bxg4 hxg4 20. Bg1 e3 21. d5
Qxe5 22. c5 exd5 23. c6 bxc6 24. b5 c5 25. Rc1 Qb2 26. Qa5 f3 27. Qa6+ Kb8 28.
Bf2 exf2 29. g3 Rxh2+ 30. Kxh2 Rh8+ {fjolset resigns} 0-1